|
|
|
|
| LEADER |
00000nam a2200000 4500 |
| 003 |
SK-BrCVT |
| 005 |
20220621163235.0 |
| 008 |
070620s2007 xo e ||||||slo d |
| 020 |
|
|
|a 9788089132379
|
| 035 |
|
|
|a CVTIDW1413817
|
| 040 |
|
|
|b slo
|a CVTI SR
|e AACR2
|
| 041 |
0 |
|
|a slo
|a lat
|
| 044 |
|
|
|a xo
|
| 080 |
|
|
|a 807.1
|2 UDC-MRF
|
| 080 |
|
|
|a 801.5
|2 UDC-MRF
|
| 100 |
1 |
|
|a Dekanová, Alexandra
|4 aut
|
| 245 |
1 |
0 |
|a Latinský jazyk :
|b základy /
|c Alexandra Dekanová, Emanuel Jirkal
|
| 250 |
|
|
|a [1. vyd.]
|
| 260 |
|
|
|a Nitra :
|b Enigma,
|c 2007
|
| 300 |
|
|
|a 184 s. :
|b tab. ;
|
| 500 |
|
|
|a Studia adolescentiam alunt
|
| 700 |
1 |
|
|a Jirkal, Emanuel
|4 aut
|
| 910 |
|
|
|b A602275
|
| 919 |
|
|
|a 978-80-89132-37-9
|
| 974 |
|
|
|f Knihy
|
| 992 |
|
|
|a AUS
|
| 999 |
|
|
|c 155522
|d 155522
|